| 000 | 00537nam a22001577a 4500 | ||
|---|---|---|---|
| 003 | SGT | ||
| 020 | _a9789351404354 | ||
| 082 | _a540,SIN | ||
| 100 | _aSINGH,,BHUPENDER | ||
| 245 | _aMATHEMATICS FOR CHEMIST | ||
| 260 |
_aNEW DELHI _bPRAGATI _c2016 |
||
| 300 | _a518 | ||
| 650 | _aCHEMISTRY & ALLIED SCIENCES | ||
| 653 | _aMULTIPLE PRODUCTS OF VECTORS,GRADIENT DIVERGENCE AND CURL,GREEN'S, GAUSS' AND STOKES' THEOREMS,DETERMINANT,MATRICES,INVERSE OF AMTRIX,LINEAR EQUATIONS,LIMITS AND CONTINUITY,PARTIAL DIFFERENTION | ||
| 942 |
_2ddc _cFPS |
||
| 999 |
_c9284 _d9284 |
||